Business standard India 2010 / (Record no. 40493)

MARC details
000 -LEADER
fixed length control field 00738nam a22002177a 4500
005 - DATE AND TIME OF LATEST TRANSACTION
control field 20100810103447.0
010 ## - LCCN (DPL NO)
LC control number ENG-99128
020 ## - INTERNATIONAL STANDARD BOOK NUMBER
International Standard Book Number 9788190573580
Terms of availability 495.00
035 ## - SYSTEM CONTROL NUMBER
System control number EN-82660
037 ## - SOURCE OF ACQUISITION
Source of stock number/acquisition DBAD/PUB
082 ## - DEWEY DECIMAL CLASSIFICATION NUMBER
Classification number 338.954
245 ## - TITLE STATEMENT
Title Business standard India 2010 /
260 ## - PUBLICATION, DISTRIBUTION, ETC. (IMPRINT)
Place of publication, distribution, etc New Delhi
Name of publisher, distributor, etc BS Books
Date of publication, distribution, etc 2010
270 ## - ADDRESS
Address 4 Bahadur Shah Zafar Marg
City New Delhi
Postal code 110002
300 ## - PHYSICAL DESCRIPTION
Extent xx,243p.
Dimensions 22cm (Hb)
650 ## - SUBJECT ADDED ENTRY--TOPICAL TERM
Topical term or geographic name as entry element Business Enterprices
650 ## - SUBJECT ADDED ENTRY--TOPICAL TERM
Topical term or geographic name as entry element Economic Development
650 ## - SUBJECT ADDED ENTRY--TOPICAL TERM
Topical term or geographic name as entry element Economic Policy
942 ## - ADDED ENTRY ELEMENTS (KOHA)
Source of classification or shelving scheme Dewey Decimal Classification
Item type English Books
Classification part 338.954
Call number suffix BUS
Holdings
Withdrawn status Lost status Not for loan Collection code Home library Current library Date acquired Source of acquisition Cost, normal purchase price Full call number Barcode Copy number Cost, replacement price Koha item type
    Not For Loan Non-fiction D.B.Act.Division D.B.Act.Division 10/08/2010 DBAD/PUB 495.00 338.954 BUS EN-82660 1 495.00 English Books

© Delhi Public Library
Hit Counter
free hit counter